00645nam a22002177a 4500003000500000005001700005008004100022010001000063011001000073035001000083040000900093082001600102100001900118245005600137260005700193300003100250490004300281650002400324650003600348830004300384CHAP20220817042915.0971013s1985 r 00010 d a59525 a60497 a64659 cCHAP a581.194bP800aPurohit, S. S. aHormonal regulation of plant growth and development aDordrecht, The Netherland :bMartinus Nijhoff,c1985 a412 p.b: ilus. ; gráfs. aAdvances in agricultural biotechnology14aHormonas vegetales.14aPlantasxCrecimientoxAditivos.0 aAdvances in agricultural biotechnology